|
|
|
|
| LEADER |
00000naa2a2200000 4500 |
| 001 |
540369 |
| 005 |
20231102021103.0 |
| 035 |
|
|
|a (RuTPU)RU\TPU\prd\230327
|
| 090 |
|
|
|a 540369
|
| 100 |
|
|
|a 20150126a1979 k y0rusy50 ca
|
| 101 |
0 |
|
|a rus
|
| 102 |
|
|
|a RU
|
| 200 |
1 |
|
|a Бетатрон с подмагничиванием
|f В. В. Васильев, В. А. Москалев, Э. Г. Фурман
|
| 461 |
|
0 |
|0 (RuTPU)RU\TPU\prd\300
|x 0032-8162
|t Приборы и техника эксперимента
|f Российская академия наук (РАН)
|d 1956-
|
| 463 |
|
0 |
|0 (RuTPU)RU\TPU\prd\37305
|t № 4
|v С. 27-29
|d 1979
|
| 610 |
1 |
|
|a труды учёных ТПУ
|
| 700 |
|
1 |
|a Васильев
|b В. В.
|c артист балета, балетмейстер
|f 1940-
|g Владимир Викторович
|2 stltpush
|3 (RuTPU)RU\TPU\pers\7485
|9 1406
|
| 701 |
|
1 |
|a Москалев
|b В. А.
|c специалист в области электротехники
|c профессор Томского политехнического университета, доктор технических наук
|f 1927-
|g Владилен Александрович
|2 stltpush
|3 (RuTPU)RU\TPU\pers\12401
|
| 701 |
|
1 |
|a Фурман
|b Э. Г.
|c специалист в области электротехники
|c доктор технических наук, главный научный сотрудник НИИ ВН Томского политехнического университета
|f 1946-2010
|g Эдвин Гугович
|2 stltpush
|3 (RuTPU)RU\TPU\pers\19878
|
| 801 |
|
1 |
|a RU
|b 63413507
|c 20150126
|
| 942 |
|
|
|c BK
|